| 000 | 01073nam a2200277Ia 4500 | ||
|---|---|---|---|
| 001 | ebr5000778 | ||
| 003 | CaPaEBR | ||
| 006 | m u | ||
| 007 | cr cn||||||||| | ||
| 008 | 010508s2001 vau s 000 1 eng d | ||
| 040 |
_aCaPaEBR _cCaPaEBR |
||
| 035 | _a(OCoLC)680632904 | ||
| 050 | 1 | 4 |
_aPS2072 _b.V69 2001eb |
| 100 | 1 |
_aIrving, Washington, _d1783-1859. |
|
| 245 | 1 | 4 |
_aThe voyage _h[electronic resource] / _cby Washington Irving. |
| 246 | 3 |
_aSketch book : _bthe voyage |
|
| 260 |
_aBlacksburg, VA : _bVirginia Tech, _c2001. |
||
| 300 | _a5 p. | ||
| 533 |
_aElectronic reproduction. _bPalo Alto, Calif. : _cebrary, _d2010. _nAvailable via World Wide Web. _nAccess may be limited to ebrary affiliated libraries. |
||
| 600 | 1 | 0 |
_aIrving, Washington, _d1783-1859. _tSketch-book of Geoffrey Crayon, gent. |
| 650 | 0 | _aOcean travel. | |
| 650 | 0 | _aAmerican fiction. | |
| 655 | 7 |
_aElectronic books. _2local |
|
| 710 | 2 | _aebrary, Inc. | |
| 856 | 4 | 0 |
_uhttp://site.ebrary.com/lib/rucke/Doc?id=5000778 _zAn electronic book accessible through the World Wide Web; click to view |
| 999 |
_c2974 _d2974 |
||